Semiótica y lingüística : (Registro nro. 173039)

Detalles MARC
000 -LEADER
fixed length control field 01174nam a22003491i 4500
001 - CONTROL NUMBER
control field bslw10068713
006 - FIXED-LENGTH DATA ELEMENTS--ADDITIONAL MATERIAL CHARACTERISTICS--GENERAL INFORMATION
fixed length control field m o d
007 - PHYSICAL DESCRIPTION FIXED FIELD--GENERAL INFORMATION
fixed length control field cr un ---uuuua
008 - FIXED-LENGTH DATA ELEMENTS--GENERAL INFORMATION
fixed length control field 230713s2019 ck ab ob 000 0 spa d
020 ## - INTERNATIONAL STANDARD BOOK NUMBER
International Standard Book Number 9789587718331
020 ## - INTERNATIONAL STANDARD BOOK NUMBER
International Standard Book Number 9789587718348
Qualifying information (eISBN)
035 ## -
-- 38741
040 ## - CATALOGING SOURCE
Original cataloging agency UtOrBLW
Language of cataloging eng
Description conventions rda
Transcribing agency UtOrBLW
050 #4 -
-- P121
-- .N56 2019
082 04 -
-- 410
-- 23
100 1# - MAIN ENTRY--PERSONAL NAME
Personal name Niño Rojas, Víctor Miguel,
Relator term author.
245 10 - TITLE STATEMENT
Title Semiótica y lingüística :
Remainder of title fundamentos /
Statement of responsibility, etc Víctor Miguel Niño Rojas.
250 ## -
-- Séptima edición.
264 #1 -
-- Bogotá, Colombia :
-- Ecoe Ediciones,
-- 2019.
300 ## - PHYSICAL DESCRIPTION
Extent 1 online resource (xxiv, 290 pages) :
Other physical details illustrations, map
336 ## -
-- text
-- txt
-- rdacontent
337 ## -
-- computer
-- c
-- rdamedia
338 ## -
-- online resource
-- cr
-- rdacarrier
490 1# - SERIES STATEMENT
Series statement Colección Educación y pedagogía. Área linguística
504 ## - BIBLIOGRAPHY, ETC. NOTE
Bibliography, etc Includes bibliographical references.
650 #0 - SUBJECT ADDED ENTRY--TOPICAL TERM
Topical term or geographic name as entry element Semiotics.
650 #0 - SUBJECT ADDED ENTRY--TOPICAL TERM
Topical term or geographic name as entry element Linguistics.
830 #0 -
-- Colección Educación y pedagogía.
-- Área linguística.
856 40 - LOCALIZACIÓN Y ACCESO ELECTRÓNICO
Identificador Uniforme del Recurso (URI/URL) https://app.vlex.com/#/sources/38741
942 ## -
-- RAA
999 ## -
-- 173039
-- 173039

No hay ítems disponibles.


CONTACTO


NOSOTROS


SITIOS DE INTERES

coordinacion.biblioteca.biblioteca@unienlinea.mx Misión, Visión y Objetivos Bases de datos
Directorio Bibliotecas Digitales y Repositorios
Normatividad Revistas y artículos
Convenios interbibliotecarios
Boletines



Hecho en México. Universidad Insurgentes (UIN). Todos los derechos reservados 2024. Esta página y sus contenidos pueden ser reproducidos con fines no lucrativos, siempre y cuando no se mutile, se cite la fuente completa y su dirección electrónicas. De otra forma requiere permiso previo por escrito de la institución




2024 Copyright Universidad Insurgentes | www.bibliouin.com.mx